Southville International School and Colleges
Your cart is empty.
  • Cart
  • Lists
    Public lists Eva Luna New books Lux_list list_1
    Your lists Log in to create your own lists
  • Log in to your account
  • Your cookies
  • Search history
Southville International School and Colleges
  • Advanced search
  • Recent comments
  • Most popular
  • Libraries

Log in to your account

Log in with GOOGLE


If you do not have an external account, but do have a local account, you can still log in:

  1. Home
  2. MARC view: Raising intuitive children :
Normal view MARC view ISBD view

Raising intuitive children : (Record no. 340004)

[ view plain ]
MARC details
000 -LEADER
fixed length control field 00748nam a2200277Ia 4500
008 - FIXED-LENGTH DATA ELEMENTS--GENERAL INFORMATION
fixed length control field 170711s9999 xx 000 0 und d
020 ## - INTERNATIONAL STANDARD BOOK NUMBER
International Standard Book Number 9780071324090
050 ## - LIBRARY OF CONGRESS CALL NUMBER
Classification number 649.1
050 ## - LIBRARY OF CONGRESS CALL NUMBER
Item number G647 2011
100 ## - MAIN ENTRY--PERSONAL NAME
Personal name Goode, Caron B.
245 ## - TITLE STATEMENT
Title Raising intuitive children :
245 ## - TITLE STATEMENT
Remainder of title guide your children to know and trust their gifts /
245 ## - TITLE STATEMENT
Statement of responsibility, etc by Caron B. Goode and Tara Paterson.
260 ## - PUBLICATION, DISTRIBUTION, ETC. (IMPRINT)
Place of publication, distribution, etc Franklin Lakes, NJ :
260 ## - PUBLICATION, DISTRIBUTION, ETC. (IMPRINT)
Name of publisher, distributor, etc New Page Books,
260 ## - PUBLICATION, DISTRIBUTION, ETC. (IMPRINT)
Date of publication, distribution, etc 2011
300 ## - PHYSICAL DESCRIPTION
Extent 238 pages :
300 ## - PHYSICAL DESCRIPTION
Other physical details illustrations ;
300 ## - PHYSICAL DESCRIPTION
Dimensions 22cm.
500 ## - GENERAL NOTE
General note Includes appendix and index.
650 ## - SUBJECT ADDED ENTRY--TOPICAL TERM
Topical term or geographic name as entry element Child development.
650 ## - SUBJECT ADDED ENTRY--TOPICAL TERM
Topical term or geographic name as entry element Intuition.
650 ## - SUBJECT ADDED ENTRY--TOPICAL TERM
Topical term or geographic name as entry element Parenting.
700 ## - ADDED ENTRY--PERSONAL NAME
Personal name Paterson, Tara.
700 ## - ADDED ENTRY--PERSONAL NAME
Personal name Title.

No items available.

Raising intuitive children :

APA

Goode C. B., Paterson T. & Title.Raising intuitive children. Franklin Lakes, NJ: .

Chicago

Goode Caron B, Paterson Tara and Title.Raising intuitive children. Franklin Lakes, NJ: .

Harvard

Goode C. B., Paterson T. and Title.Raising intuitive children. Franklin Lakes, NJ: .

MLA

Goode Caron B, Paterson Tara and Title.Franklin Lakes, NJ: . .

  • Print
  • Cite
  • Add to your cart (remove)
  • Save record
    BIBTEX Dublin Core MARCXML MARC (non-Unicode/MARC-8) MARC (Unicode/UTF-8) MARC (Unicode/UTF-8, Standard) MODS (XML) RIS
  • More searches
    Search for this title in:
    Other Libraries (WorldCat) Other Databases (Google Scholar) Online Stores (Bookfinder.com) Open Library (openlibrary.org)

Exporting to Dublin Core...

SOUTHVILLE LIBRARY

Southville International School and Colleges Library

1281 Tropical Ave. Cor. Luxembourg St., BF Homes International, Las Pinas City

Tel. No. 8256374 / 252358 Loc. 117/146

Powered by Koha